[Event "DVM U16 2015"]
[Site "Lingen (Ems) GER"]
[Date "2015.12.29"]
[Round "6"]
[White "Henning, Yannick"]
[Black "Kandler, Philipp"]
[Result "1-0"]
[Termination "normal"]
[Board "10.3"]
[WhiteElo "1696"]
[BlackElo "1511"]
[WhiteTeam "SC Aurich"]
[BlackTeam "Gütersloher SV von 1923"]
[PlyCount "101"]
[WhiteFideId "12930296"]
[BlackFideId "16200772"]
[EventCountry "GER"]
[EventRounds "7"]
[EventType "team-swiss"]
[EventDate "2015.12.26"]

1. d4 d5 2. c4 e6 3. Nc3 Nf6 4. Bg5 Nbd7 5. cxd5 exd5 6. e3 c6 7. Qc2 Qa5 8.
Bd3 h6 9. Bh4 Bb4 10. Nge2 b6 11. O-O Bxc3 12. Nxc3 Ba6 13. a3 Bxd3 14. Qxd3 b5
15. e4 O-O 16. e5 Nh7 17. f4 Rfe8 18. Rae1 Qb6 19. Kh1 Nhf8 20. f5 a6 21. f6 g6
22. Qd2 Ne6 23. Bf2 Kh7 24. Be3 g5 25. Qd3+ Kh8 26. Rf3 Rg8 27. Rh3 Rg6 28. Rh5
Ndf8 29. Ne2 Nh7 30. Ng3 Nf4 31. Bxf4 gxf4 32. Nf5 Qa5 33. b4 Qd8 34. Nxh6 Qf8
35. Nf5 Rg5 36. Qh3 Qg8 37. Ne7 Rxh5 38. Qxh5 Qe8 39. Qh6 Qf8 40. Qxf8+ Nxf8
41. Rc1 Ne6 42. Rc3 f3 43. Rxf3 Ng5 44. Rg3 Nh7 45. Rg7 Rf8 46. g4 a5 47. g5
axb4 48. axb4 Re8 49. g6 Nxf6 50. exf6 fxg6 51. Nxg6# 1-0

[Event "DVM U14 2015"]
[Site "Verden/Aller GER"]
[Date "2015.12.27"]
[Round "1"]
[White "Schneider, Jana"]
[Black "Engel, Luis"]
[Result "1-0"]
[Termination "normal"]
[Board "1.1"]
[WhiteElo "2113"]
[BlackElo "2117"]
[WhiteTeam "Spvgg 1946 Stetten"]
[BlackTeam "Hamburger SK von 1830"]
[PlyCount "109"]
[WhiteFideId "12924997"]
[BlackFideId "12961523"]
[EventCountry "GER"]
[EventRounds "7"]
[EventType "team-swiss"]
[EventDate "2015.12.26"]

1. e4 c5 2. Nf3 d6 3. Bb5+ Bd7 4. c4 Nc6 5. O-O g6 6. Nc3 Bg7 7. Bxc6 bxc6 8.
d3 e5 9. Rb1 a5 10. a3 Ne7 11. Be3 f5 12. Na4 O-O 13. b4 axb4 14. axb4 cxb4 15.
c5 d5 16. Nb6 Rb8 17. Rxb4 fxe4 18. dxe4 Bg4 19. Bg5 Bxf3 20. gxf3 h6 21. Nxd5
Rxb4 22. Bxe7 Qe8 23. Nxb4 Qxe7 24. Nxc6 Qg5+ 25. Kh1 Kh7 26. Qb3 Qf6 27. Na5
Rb8 28. Qc3 Bf8 29. Nb3 Qf7 30. Nd2 Rd8 31. Ra1 Qf4 32. Nb3 h5 33. c6 Qf7 34.
Qe3 Kg8 35. Kg2 Rc8 36. Ra7 Qf6 37. Na5 h4 38. Qb3+ Kh8 39. Qb7 Qg5+ 40. Kh3
Qh5 41. Qf7 Qh6 42. Rd7 Bb4 43. Nc4 Bd6 44. Nxd6 g5 45. Nf5 g4+ 46. fxg4 Rb8
47. Nxh6 Rb3+ 48. Kg2 h3+ 49. Kf1 Rb1+ 50. Ke2 Re1+ 51. Kd3 Rd1+ 52. Kc4 Rc1+
53. Kd5 Rd1+ 54. Ke6 Rd6+ 55. Kf5 1-0

[Event "DVM U14 2015"]
[Site "Verden/Aller GER"]
[Date "2015.12.27"]
[Round "1"]
[White "Holinka, Henning"]
[Black "Roth, Jakob"]
[Result "0-1"]
[Termination "normal"]
[Board "1.2"]
[WhiteElo "2027"]
[BlackElo "1774"]
[WhiteTeam "Hamburger SK von 1830"]
[BlackTeam "Spvgg 1946 Stetten"]
[PlyCount "88"]
[WhiteFideId "12967084"]
[BlackFideId "12952605"]
[EventCountry "GER"]
[EventRounds "7"]
[EventType "team-swiss"]
[EventDate "2015.12.26"]

1. e4 e6 2. d4 d5 3. Nc3 Nf6 4. Bg5 Be7 5. e5 Nfd7 6. h4 c5 7. Bxe7 Kxe7 8. f4
Nc6 9. dxc5 Nxc5 10. Qd2 a6 11. Nf3 b5 12. O-O-O b4 13. Qe3 Qb6 14. Ne2 a5 15.
f5 Ba6 16. Nf4 Rhd8 17. Nh5 a4 18. Qg5+ Kd7 19. fxe6+ fxe6 20. Qxg7+ Kc8 21.
Nf6 b3 22. cxb3 Bxf1 23. Rhxf1 axb3 24. a3 Qb5 25. Qxh7 Ra7 26. Qg6 Ne7 27. Qg4
Nf5 28. Kb1 Ne3 29. Qf4 Nxf1 30. Nd4 Ra4 31. Qc1 Qc4 32. Rxf1 Qxd4 33. Rf4 Qd3+
34. Ka1 Rc4 35. Qg1 Qc2 36. Rxc4 Qxc4 37. Ng4 d4 38. Qd1 d3 39. Ne3 Qd4 40. Qf3
Qe4 41. Qf2 d2 42. Nd1 Qc2 43. Nc3 d1=R+ 44. Nxd1 Qc1# 0-1

[Event "DVM U14 2015"]
[Site "Verden/Aller GER"]
[Date "2015.12.27"]
[Round "1"]
[White "Häusler, Luis"]
[Black "Meyling, Lennart"]
[Result "0-1"]
[Termination "normal"]
[Board "1.3"]
[WhiteElo "1390"]
[BlackElo "1763"]
[WhiteTeam "Spvgg 1946 Stetten"]
[BlackTeam "Hamburger SK von 1830"]
[PlyCount "86"]
[WhiteFideId "12942928"]
[BlackFideId "12947130"]
[EventCountry "GER"]
[EventRounds "7"]
[EventType "team-swiss"]
[EventDate "2015.12.26"]

1. e4 c5 2. Nf3 Nf6 3. Nc3 d5 4. Bb5+ Bd7 5. Ne5 Bxb5 6. Nxb5 a6 7. Nc3 dxe4 8.
O-O e6 9. Qe2 Bd6 10. Nc4 O-O 11. Nxe4 Bc7 12. d3 b5 13. Ncd2 Nc6 14. Nxf6+
Qxf6 15. Ne4 Qh4 16. g3 Nd4 17. Qd1 Qd8 18. c3 Nc6 19. Nxc5 Qd5 20. d4 e5 21.
Nb3 exd4 22. Nxd4 Rad8 23. Be3 Ne5 24. Bf4 Bb6 25. Bxe5 Qxe5 26. Nc6 Rxd1 27.
Nxe5 Rd2 28. Rad1 Bxf2+ 29. Kh1 Rfd8 30. Rxd2 Rxd2 31. Ng4 Bc5 32. b4 Bf8 33.
Rf2 Rd1+ 34. Kg2 Rc1 35. Rf3 Rc2+ 36. Kh3 h5 37. Ne5 f6 38. Ng6 Bd6 39. Nf4
Bxf4 40. Rxf4 Kf7 41. a4 g5 42. Re4 g4+ 43. Kh4 Rxh2# 0-1

[Event "DVM U14 2015"]
[Site "Verden/Aller GER"]
[Date "2015.12.27"]
[Round "1"]
[White "Fuhrmann, Äke"]
[Black "Binner, Jule"]
[Result "1-0"]
[Termination "normal"]
[Board "1.4"]
[WhiteElo "1601"]
[BlackElo "1393"]
[WhiteTeam "Hamburger SK von 1830"]
[BlackTeam "Spvgg 1946 Stetten"]
[PlyCount "89"]
[WhiteFideId "12983853"]
[BlackFideId "16205332"]
[EventCountry "GER"]
[EventRounds "7"]
[EventType "team-swiss"]
[EventDate "2015.12.26"]

1. c4 e5 2. g3 Nc6 3. Bg2 d6 4. Nc3 f5 5. d3 Nf6 6. e3 Be7 7. Nge2 O-O 8. O-O
Qe8 9. a3 Qh5 10. Nd5 Bd8 11. Nec3 Qg6 12. b4 Ne7 13. b5 Rb8 14. a4 Be6 15. Ba3
Qf7 16. Nxf6+ Qxf6 17. Qc2 Bd7 18. c5 dxc5 19. Nd5 Nxd5 20. Bxd5+ Be6 21. Bxe6+
Qxe6 22. Bxc5 Rf7 23. Bxa7 Ra8 24. Bc5 Be7 25. Bxe7 Rxe7 26. Qc4 Qxc4 27. dxc4
Rd7 28. Rfd1 Rxd1+ 29. Rxd1 Kf8 30. Rd7 Rc8 31. a5 h6 32. a6 bxa6 33. bxa6 c6
34. a7 Kg8 35. Rb7 Ra8 36. Rb8+ Rxb8 37. axb8=Q+ Kh7 38. Qxe5 Kg6 39. Qe6+ Kh7
40. Qxf5+ Kg8 41. e4 Kh8 42. e5 Kg8 43. e6 Kh8 44. e7 Kg8 45. e8=Q# 1-0

[Event "DVM U14 2015"]
[Site "Verden/Aller GER"]
[Date "2015.12.27"]
[Round "1"]
[White "Roseneck, Jonas"]
[Black "Tong, Kevin"]
[Result "1-0"]
[Termination "normal"]
[Board "2.1"]
[WhiteElo "2021"]
[BlackElo "2033"]
[WhiteTeam "SG Aufbau Elbe Magdeburg"]
[BlackTeam "SC Erlangen 48/88"]
[PlyCount "91"]
[WhiteFideId "12939870"]
[BlackFideId "12913944"]
[EventCountry "GER"]
[EventRounds "7"]
[EventType "team-swiss"]
[EventDate "2015.12.26"]

1. e4 e5 2. Nf3 Nc6 3. Bc4 Nf6 4. d3 Be7 5. c3 O-O 6. O-O d6 7. h3 Be6 8. Nbd2
Qd7 9. Re1 Rfe8 10. Bb3 Bf8 11. d4 exd4 12. cxd4 Bxb3 13. Qxb3 Rab8 14. a3 g6
15. Qd3 Bg7 16. Nf1 d5 17. e5 Ne4 18. N1d2 Nxd2 19. Nxd2 f6 20. f4 fxe5 21.
fxe5 Nd8 22. Nf3 Rc8 23. b4 Ne6 24. Bd2 b6 25. b5 c5 26. bxc6 Rxc6 27. Rac1
Rec8 28. Rxc6 Rxc6 29. Ng5 Rc4 30. Nxe6 Qxe6 31. Rf1 b5 32. Bb4 Qc6 33. Bc5 a6
34. Qf3 Qe6 35. Qe3 Rc2 36. Qg5 h6 37. Qd8+ Kh7 38. Qd6 Qg8 39. Qxa6 Qd8 40.
Qd6 Qg5 41. Qxd5 Qe3+ 42. Kh1 Re2 43. Qf7 Re1 44. Rxe1 Qxe1+ 45. Kh2 Kh8 46. e6
1-0

[Event "DVM U14 2015"]
[Site "Verden/Aller GER"]
[Date "2015.12.27"]
[Round "1"]
[White "Haas, Maximilian"]
[Black "Biastoch, Bennet"]
[Result "0-1"]
[Termination "normal"]
[Board "2.2"]
[WhiteElo "1650"]
[BlackElo "2051"]
[WhiteTeam "SC Erlangen 48/88"]
[BlackTeam "SG Aufbau Elbe Magdeburg"]
[PlyCount "92"]
[WhiteFideId "12959219"]
[BlackFideId "12939889"]
[EventCountry "GER"]
[EventRounds "7"]
[EventType "team-swiss"]
[EventDate "2015.12.26"]

1. e4 c5 2. Nf3 d6 3. d4 cxd4 4. Nxd4 Nf6 5. Nc3 a6 6. Rg1 h5 7. Be2 e5 8. Nb3
Be6 9. Bg5 Be7 10. Qd2 Nbd7 11. f4 b5 12. Bf3 b4 13. Nd5 Nxd5 14. exd5 Bf5 15.
g4 Bxg5 16. fxg5 Qb6 17. O-O-O hxg4 18. Bxg4 Bg6 19. Rgf1 Rc8 20. Bf5 Bxf5 21.
Rxf5 a5 22. Re1 a4 23. Nd4 b3 24. axb3 axb3 25. c3 Ra8 26. Qe2 Rh3 27. Rf3 Rxf3
28. Nxf3 Qa5 29. Qe4 Nc5 30. Qb1 Qa6 31. Nxe5 dxe5 32. Rxe5+ Kf8 33. Kd2 Qd6
34. Qf5 g6 35. Qf4 Ra4 36. Qe3 Nd7 37. Re8+ Kg7 38. c4 Qxh2+ 39. Qe2 Qxe2+ 40.
Rxe2 Rxc4 41. Kd3 Rg4 42. Re7 Nb6 43. d6 Rxg5 44. Rb7 Rd5+ 45. Kc3 Rxd6 46.
Kxb3 g5 0-1

[Event "DVM U14 2015"]
[Site "Verden/Aller GER"]
[Date "2015.12.27"]
[Round "1"]
[White "Wagner, Benjamin"]
[Black "Grüninger, Maxim"]
[Result "1-0"]
[Termination "normal"]
[Board "2.3"]
[WhiteElo "1829"]
[BlackElo "1579"]
[WhiteTeam "SG Aufbau Elbe Magdeburg"]
[BlackTeam "SC Erlangen 48/88"]
[PlyCount "83"]
[WhiteFideId "12957330"]
[BlackFideId "12942960"]
[EventCountry "GER"]
[EventRounds "7"]
[EventType "team-swiss"]
[EventDate "2015.12.26"]

1. e4 c5 2. Nf3 Nc6 3. d4 cxd4 4. Nxd4 g6 5. Nc3 Bg7 6. Be3 Nf6 7. Bc4 O-O 8.
Bb3 d5 9. exd5 Na5 10. Qd2 Nxb3 11. Nxb3 b5 12. Nxb5 Qxd5 13. Qxd5 Nxd5 14. Bd4
Nb4 15. Na3 Bf5 16. Bxg7 Kxg7 17. Nd4 Be4 18. f3 Rfd8 19. c3 Nd3+ 20. Ke2 Nf4+
21. Ke3 Nxg2+ 22. Kxe4 f5+ 23. Ke5 Rac8 24. Ne6+ Kf7 25. Nxd8+ Rxd8 26. Rad1
Rc8 27. Rd5 Nh4 28. Kf4 Kf6 29. Kg3 g5 30. Re1 Rb8 31. Rde5 Rxb2 32. Re6+ Kf7
33. Rxe7+ Kf8 34. R7e2 Rb7 35. Nc4 Rc7 36. Re8+ Kf7 37. Nd6+ Kf6 38. R1e6+ Kg7
39. c4 Rc5 40. R8e7+ Kg8 41. Rxa7 Rc6 42. Re8# 1-0

[Event "DVM U14 2015"]
[Site "Verden/Aller GER"]
[Date "2015.12.27"]
[Round "1"]
[White "Richardt, Josia"]
[Black "Cejda, Cecilia"]
[Result "0-1"]
[Termination "normal"]
[Board "2.4"]
[WhiteElo "1246"]
[BlackElo "1600"]
[WhiteTeam "SC Erlangen 48/88"]
[BlackTeam "SG Aufbau Elbe Magdeburg"]
[PlyCount "64"]
[WhiteFideId "16217594"]
[BlackFideId "12921122"]
[EventCountry "GER"]
[EventRounds "7"]
[EventType "team-swiss"]
[EventDate "2015.12.26"]

1. e4 c5 2. c4 Nc6 3. Nc3 d6 4. g3 e5 5. Bg2 Bd7 6. d3 Nge7 7. Nge2 Nd4 8. a4
Nec6 9. Be3 Be7 10. O-O Be6 11. h3 Qd7 12. Kh2 O-O 13. Bxd4 Nxd4 14. Nd5 f5 15.
exf5 Nxf5 16. f4 Kh8 17. Qd2 Bxd5 18. cxd5 exf4 19. Nxf4 Nd4 20. Ne2 Nb3 21.
Qc3 Nxa1 22. Rxa1 Rf2 23. Nf4 Bf6 24. Qe1 Rxb2 25. Rb1 Rxb1 26. Qxb1 Re8 27.
Qd1 Qf5 28. Be4 Qe5 29. Qf3 Qb2+ 30. Kg1 Bd4+ 31. Kh1 Qc1+ 32. Kh2 Qg1# 0-1

[Event "DVM U14 2015"]
[Site "Verden/Aller GER"]
[Date "2015.12.27"]
[Round "1"]
[White "Kunath, Tim"]
[Black "Savchenko, Daniel"]
[Result "0-1"]
[Termination "normal"]
[Board "3.1"]
[WhiteElo "1769"]
[BlackElo "1849"]
[WhiteTeam "TuS Coswig 1920"]
[BlackTeam "Düsseldorfer SK 14/25"]
[PlyCount "50"]
[WhiteFideId "12985074"]
[BlackFideId "12919195"]
[EventCountry "GER"]
[EventRounds "7"]
[EventType "team-swiss"]
[EventDate "2015.12.26"]

1. e4 c5 2. Nf3 e6 3. d4 cxd4 4. Nxd4 Nf6 5. Bd3 d6 6. Nc3 g6 7. Bg5 Bg7 8. f4
Nbd7 9. Ndb5 Qb6 10. Bc4 O-O 11. Qd2 d5 12. e5 dxc4 13. exf6 Nxf6 14. O-O-O Nd5
15. Nxd5 exd5 16. Nd4 Bg4 17. c3 Bxd1 18. Rxd1 Rfe8 19. Bh4 Re4 20. Re1 Rae8
21. Rxe4 Rxe4 22. Bf2 Qc7 23. g3 a6 24. Kd1 Qd7 25. a3 Qh3 0-1

[Event "DVM U14 2015"]
[Site "Verden/Aller GER"]
[Date "2015.12.27"]
[Round "1"]
[White "Kreutzmann, Duke"]
[Black "Lehne, Arwin Hugo"]
[Result "1-0"]
[Termination "normal"]
[Board "3.2"]
[WhiteElo "1840"]
[BlackElo "1437"]
[WhiteTeam "Düsseldorfer SK 14/25"]
[BlackTeam "TuS Coswig 1920"]
[PlyCount "137"]
[WhiteFideId "1330055"]
[BlackFideId "12985090"]
[EventCountry "GER"]
[EventRounds "7"]
[EventType "team-swiss"]
[EventDate "2015.12.26"]

1. c4 c5 2. Nc3 Nc6 3. g3 g6 4. Bg2 Bg7 5. a3 d6 6. Rb1 Nf6 7. Nf3 O-O 8. O-O
a6 9. d3 Rb8 10. Nd2 Ne5 11. b4 Ned7 12. Nde4 Nxe4 13. Nxe4 b6 14. Bf4 Bb7 15.
Qd2 Qc7 16. Rfc1 Rfc8 17. h3 Qd8 18. Kh2 Qc7 19. Rb3 Ba8 20. Rcb1 Qd8 21. Be3
Qc7 22. Bf4 Qd8 23. Nc3 Bxg2 24. Kxg2 Qc7 25. Kg1 Qd8 26. Ne4 Qc7 27. Rc1 Qd8
28. Rbb1 Qc7 29. Qd1 Qd8 30. Qd2 Qc7 31. Kh2 Qd8 32. Nc3 Qc7 33. Kg1 Qd8 34.
Rb3 Qc7 35. Ne4 Qd8 36. Rcb1 Qc7 37. Qc1 Qd8 38. Nc3 Qc7 39. Qe3 Qd8 40. Nd5 e5
41. Bg5 f6 42. Bh6 Kf7 43. Qc1 Kg8 44. R1b2 Kf7 45. Kh2 Kg8 46. Bxg7 Kxg7 47.
Qb1 Kf7 48. bxc5 bxc5 49. Rb7 Rxb7 50. Rxb7 Ke6 51. Kg2 Rc6 52. Qc1 Qc8 53. Qb2
Qd8 54. Qc3 Qc8 55. Qb3 Qd8 56. Qa4 Qc8 57. Qb3 Qd8 58. e4 Qc8 59. Qb2 Qd8 60.
Qd2 Qf8 61. Qe2 f5 62. Qd2 h6 63. Qc1 g5 64. exf5+ Qxf5 65. Qb1 Qf8 66. Rxd7
Kxd7 67. Qb7+ Ke6 68. Qxc6 a5 (68... h5 69. Ne3 h4 70. g4) 69. Ne3 1-0

[Event "DVM U14 2015"]
[Site "Verden/Aller GER"]
[Date "2015.12.27"]
[Round "1"]
[White "von Koslowski, Wilhelm"]
[Black "Righi, Sofian"]
[Result "0-1"]
[Termination "normal"]
[Board "3.3"]
[WhiteElo "1526"]
[BlackElo "1620"]
[WhiteTeam "TuS Coswig 1920"]
[BlackTeam "Düsseldorfer SK 14/25"]
[PlyCount "132"]
[WhiteFideId "12985147"]
[BlackFideId "12987581"]
[EventCountry "GER"]
[EventRounds "7"]
[EventType "team-swiss"]
[EventDate "2015.12.26"]

1. e4 c5 2. Nf3 d6 3. d4 cxd4 4. Nxd4 Nf6 5. Nc3 g6 6. Be3 Bg7 7. Bc4 O-O 8.
O-O Nc6 9. f3 Bd7 10. Qd2 Rc8 11. Nxc6 Bxc6 12. Bxa7 b6 13. Bb5 Qd7 14. Bxc6
Qxc6 15. Qe3 Qc5 16. Bxb6 Qb4 17. Rab1 Ng4 18. Bc5 Rxc5 19. Qe2 Bd4+ 20. Kh1
Nf6 21. Nd5 Nxd5 22. exd5 Bf6 23. c3 Qc4 24. Qxc4 Rxc4 25. Rbd1 Ra8 26. a3 Rb8
27. Rf2 Rc7 28. g3 Rcb7 29. Rdd2 Bg7 30. Rfe2 Bf6 31. Rc2 Rb5 32. Rcd2 Rc5 33.
Rd1 Rb3 34. Kg2 Kf8 35. Kf1 h5 36. h4 Rbb5 37. Red2 Ke8 38. Ke2 Kd7 39. f4 Rc7
40. Rc2 e6 41. dxe6+ fxe6 42. Rd3 Rbc5 43. Ke3 e5 44. fxe5 Rxe5+ 45. Kf2 g5 46.
Rf3 Ke6 47. hxg5 Rxg5 48. b4 Rcg7 49. Re2+ Be5 50. Ree3 Kd5 51. a4 Rg4 52. a5
h4 53. Rd3+ Kc6 54. gxh4 Rxh4 55. Ke2 Re7 56. Rde3 Rg7 57. Kd3 Kd5 58. Rf8 Rc7
59. Kc2 Rxb4 60. Rd3+ Ke6 61. Ra8 Rbc4 62. a6 Rxc3+ 63. Rxc3 Rxc3+ 64. Kb1 Ra3
65. a7 Kd5 66. Kc2 Kd4 0-1

[Event "DVM U14 2015"]
[Site "Verden/Aller GER"]
[Date "2015.12.27"]
[Round "1"]
[White "Oezdemir, Edwin-Daniel"]
[Black "Mallon, Frederik"]
[Result "0-1"]
[Termination "normal"]
[Board "3.4"]
[WhiteElo "1568"]
[BlackElo "1397"]
[WhiteTeam "Düsseldorfer SK 14/25"]
[BlackTeam "TuS Coswig 1920"]
[PlyCount "110"]
[WhiteFideId "12919055"]
[BlackFideId "12985104"]
[EventCountry "GER"]
[EventRounds "7"]
[EventType "team-swiss"]
[EventDate "2015.12.26"]

1. e4 c5 2. Nf3 e6 3. d4 cxd4 4. Nxd4 Nf6 5. Nc3 Bb4 6. Bd2 Nc6 7. Nde2 Qb6 8.
Na4 Bxd2+ 9. Qxd2 Qb4 10. Qxb4 Nxb4 11. Kd1 Nxe4 12. Kc1 Nxf2 13. Rg1 b6 14. g4
Ba6 15. Nac3 Rc8 16. Rg3 Rc4 17. a3 Nc6 18. Ng1 Rxc3 19. Rxc3 Bxf1 20. Rf3 Nxg4
21. Rxf1 Nxh2 22. Rf4 f5 23. Rc4 Kf7 24. Kd2 Rc8 25. Rh4 Ng4 26. Nf3 h6 27. Rf1
Rg8 28. Ne1 Nce5 29. Ng2 g5 30. Rh5 Kg6 31. Rh3 Rc8 32. Rg1 Nc4+ 33. Kc1 Rc5
34. Rd3 Nce5 35. Rd6 Rc6 36. Rdd1 Nf2 37. Rdf1 Ne4 38. Rd1 Ng3 39. Rge1 Kf6 40.
Re3 f4 41. Ree1 Nf3 42. Rxd7 Nxe1 43. Nxe1 a6 44. Nf3 e5 45. Rh7 Kf5 46. Re7
Re6 47. Rf7+ Kg4 48. Nh2+ Kh3 49. Nf3 e4 50. Nd4 Rd6 51. c3 f3 52. Kd2 Nf1+ 53.
Ke1 Kg2 54. Nf5 f2+ 55. Ke2 Rd2# 0-1

[Event "DVM U14 2015"]
[Site "Verden/Aller GER"]
[Date "2015.12.27"]
[Round "1"]
[White "Browning, Alex"]
[Black "Wendler, David"]
[Result "1-0"]
[Termination "normal"]
[Board "4.1"]
[WhiteElo "1933"]
[BlackElo "1912"]
[WhiteTeam "Märkischer Springer Halver-Schalksmühle"]
[BlackTeam "SK Bebenhausen 1992"]
[PlyCount "93"]
[WhiteFideId "12984019"]
[BlackFideId "12938360"]
[EventCountry "GER"]
[EventRounds "7"]
[EventType "team-swiss"]
[EventDate "2015.12.26"]

1. e4 c5 2. Nf3 Nc6 3. c3 Nf6 4. e5 Nd5 5. d4 cxd4 6. cxd4 d6 7. Bc4 Nb6 8. Bd3
Bg4 9. h3 Bxf3 10. Qxf3 Nxd4 11. Qxb7 dxe5 12. O-O Qd5 13. Qa6 e4 14. Nc3 Nf3+
15. gxf3 Qxd3 16. Nb5 Qd8 17. Bf4 e5 18. Bxe5 Qg5+ 19. Bg3 Rc8 20. Nxa7 Bc5 21.
Qb5+ Ke7 22. Nxc8+ Rxc8 23. Kh2 f5 24. Rfe1 Kf8 25. f4 Qe7 26. Rac1 Nd5 27.
Red1 Nb6 28. b4 Bd4 29. Qxf5+ Qf6 30. Rxc8+ Nxc8 31. Qxc8+ Ke7 32. Qc7+ Kf8 33.
Qc4 Bb2 34. Qc5+ Kg8 35. Rd6 h6 36. Rxf6 Bxf6 37. Qd5+ Kh8 38. b5 e3 39. fxe3
h5 40. Qxh5+ Kg8 41. b6 Kf8 42. b7 Ke7 43. b8=R Ke6 44. Rb6+ Ke7 45. Qc5+ Kf7
46. Rxf6+ gxf6 47. f5 1-0

[Event "DVM U14 2015"]
[Site "Verden/Aller GER"]
[Date "2015.12.27"]
[Round "1"]
[White "Grimm, Ling Leander"]
[Black "Scholz, Sebastian"]
[Result "0-1"]
[Termination "normal"]
[Board "4.2"]
[WhiteElo "1749"]
[BlackElo "1744"]
[WhiteTeam "SK Bebenhausen 1992"]
[BlackTeam "Märkischer Springer Halver-Schalksmühle"]
[PlyCount "84"]
[WhiteFideId "12968277"]
[BlackFideId "16202597"]
[EventCountry "GER"]
[EventRounds "7"]
[EventType "team-swiss"]
[EventDate "2015.12.26"]

1. e4 e6 2. Nf3 d5 3. e5 c5 4. b4 cxb4 5. a3 Nc6 6. axb4 Bxb4 7. c3 Be7 8. d4
f6 9. Bd3 fxe5 10. dxe5 Qc7 11. Qe2 Bc5 12. O-O Nge7 13. Re1 O-O 14. Na3 a6 15.
Nb5 Qb8 16. Nbd4 g6 17. h4 Nxd4 18. cxd4 Bb4 19. Rd1 Nc6 20. Bb1 Bd7 21. h5 Ne7
22. Ng5 Qe8 23. Nxh7 Kxh7 24. hxg6+ Kg7 25. Qh5 Rh8 26. Qg5 Ng8 27. Rd3 Qe7 28.
Qe3 Qh4 29. f3 Be1 30. Kf1 Qh1+ 31. Ke2 Qxg2+ 32. Kd1 Rh1 33. Qxe1 Rxe1+ 34.
Kxe1 Bb5 35. Re3 Rc8 36. Bd3 Qg1+ 37. Kd2 Bxd3 38. Rxd3 Qf2+ 39. Kd1 Qc2+ 40.
Ke1 Qxd3 41. Bb2 Rc2 42. Ra3 Qe2# 0-1

[Event "DVM U14 2015"]
[Site "Verden/Aller GER"]
[Date "2015.12.27"]
[Round "1"]
[White "Kölz, Niklas"]
[Black "De Rentiis, Davide Luca"]
[Result "1-0"]
[Termination "normal"]
[Board "4.3"]
[WhiteElo "1703"]
[BlackElo "1287"]
[WhiteTeam "Märkischer Springer Halver-Schalksmühle"]
[BlackTeam "SK Bebenhausen 1992"]
[PlyCount "59"]
[WhiteFideId "12971758"]
[BlackFideId "12967050"]
[EventCountry "GER"]
[EventRounds "7"]
[EventType "team-swiss"]
[EventDate "2015.12.26"]

1. e4 c5 2. Nf3 Nc6 3. d4 cxd4 4. Nxd4 g6 5. c4 Nf6 6. Nc3 d6 7. Be2 Nxd4 8.
Qxd4 Bg7 9. f3 O-O 10. Qd3 Be6 11. Be3 Qa5 12. Qd2 Rfc8 13. Nd5 Qxd2+ 14. Bxd2
Nxd5 15. cxd5 Bd7 16. Rc1 Rxc1+ 17. Bxc1 Bd4 18. Bd3 Rc8 19. Ke2 Ba4 20. b3 Bd7
21. Bd2 a6 22. g4 Bb5 23. Bxb5 axb5 24. Kd3 Bg7 25. h4 Ra8 26. Rc1 Rxa2 27.
Rc8+ Bf8 28. Bh6 Rd2+ 29. Kxd2 b6 30. Rxf8# 1-0

[Event "DVM U14 2015"]
[Site "Verden/Aller GER"]
[Date "2015.12.27"]
[Round "1"]
[White "Greitmann, Niklas"]
[Black "Browning, Rebecca"]
[Result "1/2-1/2"]
[Termination "normal"]
[Board "4.4"]
[WhiteElo "1265"]
[BlackElo "1589"]
[WhiteTeam "SK Bebenhausen 1992"]
[BlackTeam "Märkischer Springer Halver-Schalksmühle"]
[PlyCount "100"]
[WhiteFideId "16200705"]
[BlackFideId "12984027"]
[EventCountry "GER"]
[EventRounds "7"]
[EventType "team-swiss"]
[EventDate "2015.12.26"]

1. c4 b6 2. Nc3 Bb7 3. e4 e6 4. Nf3 Bb4 5. Bd3 Bxc3 6. dxc3 d6 7. O-O Nd7 8.
Re1 h6 9. Bc2 Ngf6 10. b4 O-O 11. Qe2 Qe8 12. Bd2 Rd8 13. Rad1 a6 14. Bc1 c5
15. a3 Nb8 16. Rd2 Nc6 17. Red1 Qe7 18. e5 dxe5 19. Nxe5 Nxe5 20. Qxe5 Rxd2 21.
Rxd2 Rd8 22. Rxd8+ Qxd8 23. bxc5 Nd7 24. Qd6 Qc8 25. cxb6 Nf6 26. Qd4 Qc6 27.
f3 Nd7 28. Be3 e5 29. Qd3 g5 30. Qe4 Kf8 31. Qxc6 Bxc6 32. Kf2 Ke7 33. Ke2 Kd8
34. Bf5 Kc8 35. Kd3 Kb7 36. Bxd7 Bxd7 37. Ke4 f6 38. Kd5 h5 39. Kd6 Bc6 40. Ke6
e4 41. fxe4 Bxe4 42. g3 f5 43. Kf6 f4 44. gxf4 gxf4 45. Bxf4 Kxb6 46. Be3+ Kc6
47. Ke6 Bd3 48. c5 Be2 49. h4 Bc4+ 50. Ke7 Be2 1/2-1/2

[Event "DVM U14 2015"]
[Site "Verden/Aller GER"]
[Date "2015.12.27"]
[Round "1"]
[White "Pfreundt, Mathis"]
[Black "Askerov, Imamali"]
[Result "1/2-1/2"]
[Termination "normal"]
[Board "5.1"]
[WhiteElo "1871"]
[BlackElo "1883"]
[WhiteTeam "Königsspringer SC 1984"]
[BlackTeam "Post SV Uelzen"]
[PlyCount "53"]
[WhiteFideId "12967092"]
[BlackFideId "12974498"]
[EventCountry "GER"]
[EventRounds "7"]
[EventType "team-swiss"]
[EventDate "2015.12.26"]

1. e4 c5 2. Nf3 e6 3. d4 cxd4 4. Nxd4 a6 5. Nb3 Qc7 6. g3 b5 7. Bg2 Bb7 8. O-O
Nf6 9. Qe2 d6 10. a4 b4 11. a5 Nbd7 12. c3 bxc3 13. Nxc3 Be7 14. Be3 Rc8 15.
Rfc1 Qc4 16. Qd1 Ne5 17. Bf1 Qc7 18. Nd5 Qb8 19. Rxc8+ Bxc8 20. Nxe7 Kxe7 21.
Nc5 dxc5 22. Bxc5+ Ke8 23. Bd6 Nf3+ 24. Kg2 Ne1+ 25. Kg1 Nf3+ 26. Kg2 Ne1+ 27.
Kg1 1/2-1/2

[Event "DVM U14 2015"]
[Site "Verden/Aller GER"]
[Date "2015.12.27"]
[Round "1"]
[White "von Estorff, Jacob"]
[Black "Kipke, Kevin"]
[Result "1-0"]
[Termination "normal"]
[Board "5.2"]
[WhiteElo "1841"]
[BlackElo "1666"]
[WhiteTeam "Post SV Uelzen"]
[BlackTeam "Königsspringer SC 1984"]
[PlyCount "67"]
[WhiteFideId "12974501"]
[BlackFideId "12988332"]
[EventCountry "GER"]
[EventRounds "7"]
[EventType "team-swiss"]
[EventDate "2015.12.26"]

1. e4 c5 2. Nf3 Nc6 3. d4 cxd4 4. Nxd4 e5 5. Nb5 d6 6. N1c3 a6 7. Na3 Be6 8.
Nc4 Nf6 9. Bg5 Be7 10. Bxf6 gxf6 11. Ne3 Nd4 12. Ncd5 Rc8 13. c3 Nc6 14. g3 O-O
15. Be2 Kh8 16. Bg4 Rg8 17. Bf5 b5 18. Qh5 Rg7 19. O-O Bf8 20. Kh1 Be7 21. Rad1
Qf8 22. Qh6 Qd8 23. Qh3 Qg8 24. Nxe7 Nxe7 25. Bxe6 fxe6 26. Rxd6 Rc6 27. Rfd1
Qf7 28. Rxc6 Nxc6 29. Rd6 Nb8 30. Qxe6 Qg6 31. Nf5 Rg8 32. f3 Rf8 33. Qe7 Kg8
34. Rd8 1-0

[Event "DVM U14 2015"]
[Site "Verden/Aller GER"]
[Date "2015.12.27"]
[Round "1"]
[White "Cinar, Alihan"]
[Black "Knüdel, Torben"]
[Result "0-1"]
[Termination "normal"]
[Board "5.3"]
[WhiteElo "1171"]
[BlackElo "1697"]
[WhiteTeam "Königsspringer SC 1984"]
[BlackTeam "Post SV Uelzen"]
[PlyCount "40"]
[WhiteFideId "16217608"]
[BlackFideId "16208820"]
[EventCountry "GER"]
[EventRounds "7"]
[EventType "team-swiss"]
[EventDate "2015.12.26"]

1. e4 c5 2. a3 e6 3. Bc4 Nc6 4. Nc3 Nf6 5. d3 d5 6. exd5 exd5 7. Ba2 Be7 8.
Nge2 Be6 9. Nf4 Qd7 10. O-O O-O 11. Re1 Rae8 12. h3 Bd8 13. Na4 b6 14. c3 Bc7
15. b4 Qd6 16. Qf3 Bg4 17. hxg4 Rxe1+ 18. Kh2 Rxc1 19. Rxc1 Qxf4+ 20. Qxf4
Bxf4+ 0-1